|
|
|
|
| LEADER |
00000cam a2200000 7i4500 |
| 001 |
0000087427 |
| 005 |
20230125164731.0 |
| 008 |
220220 |
| 020 |
|
|
|a 9789674816018
|
| 041 |
0 |
|
|a Malay
|
| 090 |
0 |
0 |
|a 297.382
|b NOR
|
| 100 |
0 |
|
|a Norhafizah Musa
|
| 245 |
1 |
0 |
|a Zikir & doa muslimah solehah
|c Ustazah Datuk Dr. Norhafizah Musa
|
| 260 |
|
|
|a Selangor :
|b Publishing House Sdn. Bhd. ,
|c 2021
|
| 300 |
|
|
|a 196 p. :
|b ill., col. ;
|c 19.2 cm.
|
| 541 |
|
|
|c Purchased on 2021
|f 235/21 IMS
|h RM30.00
|
| 650 |
|
0 |
|a Islam meditations
|
| 650 |
|
0 |
|a Islam
|x Prayers and devotions
|
| 650 |
|
0 |
|a Muslim women
|x Religious life
|x Islam
|
| 650 |
|
0 |
|a Prayer
|x Islam
|
| 700 |
0 |
|
|a Abu Ayyub El-Faruqi
|
| 999 |
|
|
|a 0001672915
|b Book
|c Adult Collection
|e Perbadanan Perpustakaan Awam Johor
|
| 999 |
|
|
|a 0001672916
|b Book
|c Adult Collection
|e Perbadanan Perpustakaan Awam Johor
|
| 999 |
|
|
|a 0001672917
|b Book
|c Adult Collection
|e Cawangan Urban Transformation Centre
|
| 999 |
|
|
|a 0001672918
|b Book
|c Adult Collection
|e Cawangan AEON Kulaijaya
|
| 999 |
|
|
|a 0001673242
|b Book
|c Adult Collection
|e Cawangan Tmn. Ungku Tun Aminah
|
| 999 |
|
|
|a 0001673243
|b Book
|c Adult Collection
|e Cawangan Tangkak
|
| 999 |
|
|
|a 0001673244
|b Book
|c Adult Collection
|e Cawangan Muar
|
| 999 |
|
|
|a 0001673245
|b Book
|c Adult Collection
|e Cawangan Pontian
|
| 999 |
|
|
|a 0001673246
|b Book
|c Adult Collection
|e Cawangan Segamat
|
| 999 |
|
|
|a 0001673247
|b Book
|c Adult Collection
|e Cawangan Bandar Tenggara
|
| 999 |
|
|
|a 0001673249
|b Book
|c Adult Collection
|e Cawangan Bukit Gambir
|
| 999 |
|
|
|a 0001673250
|b Book
|c Adult Collection
|e Cawangan Mersing
|
| 999 |
|
|
|a 0001673251
|b Book
|c Adult Collection
|e Cawangan Batu Pahat
|
| 999 |
|
|
|a 0001673252
|b Book
|c Adult Collection
|e Cawangan Kota Tinggi
|
| 999 |
|
|
|a 0001673253
|b Book
|c Adult Collection
|e Cawangan Taman Sri Lambak
|
| 999 |
|
|
|a 0001673254
|b Book
|c Adult Collection
|e Cawangan Bandar Penawar
|